Statistiques concernant Catastrophes naturelles dans Civilization VI (6): Gathering Storm

Cliquez ici pour prendre le quiz!

Statistiques générales

  • Ce quiz a été pris 36 fois
  • Le résultat moyen est 5 sur 8

Statistiques - réponses

Réponse% Correct
Crue/Inondation
100%
Éruption volcanique
89%
Sécheresse
79%
Tornade
61%
Cyclone
50%
Blizzard
39%
Tempête de sable
39%
Inondation côtière
11%

Distribution des résultats

Percentile par nombre de réponses

% des personnes avec chaque résultat

Votre développement - résultats

Vous n’avez pas pris ce quiz